Multivariate calibration

Saved in:
Bibliografiske detaljer
Main Authors: Martens, Harald (autor), Naes, Tormod (Author)
Format: Bog
Sprog:engelsk
Udgivet: Nueva York John Wiley 1989
Fag:
Tags: Tilføj Tag
Ingen Tags, Vær først til at tagge denne postø!

MARC

LEADER 00000nam a2200000 a 4500
001 UCS3764
003 CL-VaPUC
008 970711e19890000US |||||||||||||||||eng|d
082 0 4 |a 540  |b MAR  |2 21 
100 |a Martens, Harald  |e autor  |9 618800 
700 0 |a Naes, Tormod  |e author  |9 389946 
245 1 0 |a Multivariate calibration 
300 |a 419 p 
942 |c BK 
945 |d 19970711 00:00:00  |a amoreno 
260 |a Nueva York  |b John Wiley  |c 1989 
650 7 |a CALIBRACION MULTIVARIABLE  |2 CL-VaPUC  |9 389947 
650 0 |a Cromatografía   |9 263967 
650 0 |a Química  |9 259896 
650 0 |a Física   |9 227844 
650 0 |a Estadística   |9 259535 
650 7 |a PREDICCION ALGEBRAICA  |2 CL-VaPUC  |9 389948 
650 0 |a Matrices   |9 22 
650 0 |a Vectores  |9 317184 
650 7 |a INVERSION DE MATRICES  |2 CL-VaPUC  |9 389949 
650 7 |a CAUSALIDAD  |2 CL-VaPUC  |9 225420 
650 7 |a METODOS DE CALIBRACION  |2 CL-VaPUC  |9 389950 
650 7 |a REGRESION  |2 CL-VaPUC  |9 389951 
583 |a last modification  |c 20170518 01:15:36  |k Rodrigo Vera 
999 |c 261323  |d 261321 
952 |0 0  |1 0  |4 0  |6 540_000000000000000_MAR_1989  |7 0  |8 A  |9 288704  |a BIBGIM  |b BIBGIM  |d 2019-11-19  |i 3321924  |o 540 MAR 1989  |p 3321924  |r 2025-01-15  |w 2019-11-19  |y BK  |k EST